Forgotten World Capitals Quiz Stats

 Plays Quiz not verified by Sporcle

Challenge
Share
Tweet
Embed
Score 0/100 Timer 10:00
0 Plays Today
% Correct
Dhaka
85.5%
Doha
84.5%
Baku
84.1%
Freetown
83.4%
Vaduz
83.4%
Valletta
82.8%
Tbilisi
82.1%
Amman
81.8%
Asunción
81.4%
Muscat
81.1%
Belmopan
80.7%
Dakar
80.7%
Astana
80.4%
Skopje
79.7%
Accra
79.4%
Male
79.4%
Ljubljana
79.1%
Brazzaville
78.7%
Kinshasa
78.7%
Pristina
78.7%
Sana'a
78.7%
Harare
78.4%
Tashkent
78.4%
Port of Spain
78.4%
Santo Domingo
78.4%
Bissau
78%
Port Moresby
77.7%
Abuja
77.4%
Yerevan
77.4%
Phnom Penh
77.4%
St. John's
77%
Mogadishu
76.7%
Bishkek
76.7%
Sri Jayawardenapura-Kotte
76.7%
% Correct
Managua
76.4%
Chisinau
76%
Windhoek
76%
Luanda
76%
Suva
75.3%
Kampala
75.3%
Khartoum
75.3%
Manama
75.3%
Dili
75.3%
Monrovia
75%
São Tomé
75%
Juba
74.3%
Lusaka
74%
Vientiane
74%
Podgorica
73.6%
Victoria
73.6%
St. George's
73.6%
Thimphu
73%
Antananarivo
72.6%
Tegucigalpa
72.6%
Bridgetown
72.6%
Kigali
72%
Gaborone
71.3%
Maputo
70.9%
Asmara
70.6%
Lomé
70.6%
Roseau
70.3%
Ashgabat
69.9%
Bamako
69.6%
Porto-Novo
69.6%
Apia
69.3%
Dodoma
69.3%
Banjul
68.9%
Yaoundé‎
68.9%
% Correct
Bangui
68.9%
Ouagadougou
68.6%
Paramaribo
68.2%
Niamey
67.9%
Dushanbe
67.6%
Basseterre
67.2%
Mbabane
66.9%
Praia
66.9%
Port Louis
66.9%
Bandar Seri Begawan
66.9%
Castries
66.9%
Conakry
66.6%
Lilongwe
66.2%
Libreville
66.2%
N'djamena
65.9%
Kingstown
65.9%
Maseru
64.5%
Funafuti
64.5%
Moroni
63.5%
Bujumbura
62.8%
Malabo
61.8%
Port Vila
61.5%
Naypyidaw
60.5%
Yaren (unofficial)
60.1%
Nouakchott
59.8%
Yamoussoukro
58.8%
Honiara
56.8%
Palikir
55.7%
Majuro
55.7%
Nuku'alofa
55.1%
Tarawa
52.4%
Ngerulmud
47.3%

You're not logged in!

Compare scores with friends on all Sporcle quizzes.
Join for Free
OR
Log In

You Might Also Like...

Show Comments

Extras

Top Quizzes Today


Score Distribution

Your Account Isn't Verified!

In order to create a playlist on Sporcle, you need to verify the email address you used during registration. Go to your Sporcle Settings to finish the process.

Report this User

Report this user for behavior that violates our Community Guidelines.

Details: